000 00479nam a2200169 i 4500
001 47319
003 ES-MaACL
005 20230906161536.0
007 t|
008 030407s1917 sp ||||1| spa d
100 1 _aCoppel, Carlos.
_940421
245 1 3 _aLa clase obrera y el Estado alemán /
_cCarlos Coppel.
260 _aMadrid :
_b[s.n.],
_c1917 (
_fImp. Helénica)
300 _a71 p. ;
_c19 cm.
650 4 _aTrabajadores-
_zAlemania.
_9141178
852 _aES-MaACL
_j1543-F-6
999 _c47319
_d47319